000
00256nam a22001217a 4500
008
180109b xxu||||| |||| 00| 0 eng d
041
_a
eng
080
_a
004
100
_a
32
101
_a
SHK
245
_a
LECTURE COMPUTER
_c
JOSEPH.M.
942
_2
udc
_c
BK
999
_c
39860
_d
39860